00338 a2200121 4500020001800000050002200018245006000040264004200100300001000142500001900152650002200171700002300193 a9788184551518 aHQ 767.9 GUP 2009 aChild development and protection/cedited by D.K. Gupta aNew Delhi:bOmega Publications,c2009 a271p. aIncludes index aChild Development aGupta, D.Keeditor